000 00300nam a2200109Ia 4500
008 220216s9999 xx 000 0 und d
100 _aGan Lian Tiong
245 0 _aPerformance of selected rubber cultivars in Sime Darby Estates
650 _aRubber cultivars
700 _aChew Oe Kheng
942 _cJS
999 _c64782
_d64782